[Event "Vecindario Montalvo Memorial 16th"]
[Site "Vecindario"]
[Date "2024.03.26"]
[Round "4"]
[White "Calzetta Ruiz, Monica"]
[Black "Ramirez Maillo, Juan Adonay"]
[Result "1-0"]
[WhiteElo "2239"]
[BlackElo "1918"]
[PlyCount "49"]
[EventDate "2024.03.23"]
[EventType "swiss"]
[EventRounds "9"]
[EventCountry "ESP"]
[SourceTitle "CB15_2024"]
[SourceDate "2024.04.10"]
[SourceVersion "1"]
[SourceVersionDate "2024.04.10"]
[SourceQuality "1"]

1. e4 c5 2. Nc3 Nc6 3. Nf3 Nf6 4. d4 cxd4 5. Nxd4 e5 6. Ndb5 d6 7. Bg5 a6 8. Na3 Be7 9. Nc4 0-0 10. Bxf6 Bxf6 11. Qxd6 Qxd6 12. Nxd6 Bg5 13. Nxc8 Raxc8 14. Bd3 Nb4 15. Rd1 Rfd8 16. a3 Nc6 17. h4 Bh6 18. Nd5 Kf8 19. 0-0 Ne7 20. Nb6 Rc6 21. Bb5 Rcd6 22. Nd7+ Ke8 23. Rxd6 axb5 24. Rfd1 Nc6 25. Nc5 1-0

[Event "Las Palmas San Mateo CC op 1st"]
[Site "Las Palmas"]
[Date "2023.12.09"]
[Round "9"]
[White "Rivero Reyes, Alejandro"]
[Black "Ramirez Maillo, Juan Adonay"]
[Result "0-1"]
[WhiteElo "1689"]
[BlackElo "1857"]
[PlyCount "28"]
[EventDate "2023.12.04"]
[EventType "swiss"]
[EventRounds "9"]
[EventCountry "ESP"]
[SourceTitle "CB50_2023"]
[SourceDate "2023.12.13"]
[SourceVersion "1"]
[SourceVersionDate "2023.12.13"]
[SourceQuality "1"]

1. e4 c5 2. Nf3 Nc6 3. Bb5 e5 4. Bxc6 dxc6 5. 0-0 Bd6 6. d3 Ne7 7. a4 a5 8. b3 Ng6 9. Nbd2 Bc7 10. Nc4 f6 11. Ne3 h5 12. Nf5 Bxf5 13. exf5 Ne7 14. Nh4 Qd4 0-1

[Event "Las Palmas San Mateo CC op 1st"]
[Site "Las Palmas"]
[Date "2023.12.05"]
[Round "3"]
[White "Moreno Diepa, Diego"]
[Black "Ramirez Maillo, Juan Adonay"]
[Result "1-0"]
[WhiteElo "2138"]
[BlackElo "1857"]
[PlyCount "61"]
[EventDate "2023.12.04"]
[EventType "swiss"]
[EventRounds "9"]
[EventCountry "ESP"]
[SourceTitle "CB50_2023"]
[SourceDate "2023.12.13"]
[SourceVersion "1"]
[SourceVersionDate "2023.12.13"]
[SourceQuality "1"]

1. e4 c5 2. Nc3 a6 3. Nf3 b5 4. d4 cxd4 5. Nxd4 Bb7 6. Bd3 e6 7. 0-0 Qc7 8. Re1 Bd6 9. h3 b4 10. Nb1 Nf6 11. Qe2 0-0 12. e5 Bc5 13. exf6 Bxd4 14. Bxh7+ Kxh7 15. Qd3+ Kg8 16. Qxd4 Qxc2 17. Qg4 Qg6 18. Qxg6 fxg6 19. fxg7 Kxg7 20. Nd2 Nc6 21. b3 Ne7 22. Bb2+ Kg8 23. Nc4 Nf5 24. Ne5 Nh4 25. Nxd7 Nxg2 26. Nxf8 Nxe1 27. Rxe1 Kxf8 28. Rxe6 Re8 29. Rf6+ Ke7 30. Rxg6 Kd8 31. Rb6 1-0

[Event "Gran Canaria Vecindario op 1st"]
[Site "Gran Canaria"]
[Date "2023.11.05"]
[Round "6"]
[White "Ramirez Maillo, Juan Adonay"]
[Black "Gimenez Menchon, Cesar"]
[Result "0-1"]
[WhiteElo "1755"]
[BlackElo "2020"]
[PlyCount "104"]
[EventDate "2023.11.04"]
[EventType "swiss"]
[EventRounds "9"]
[EventCountry "ESP"]
[SourceTitle "CB46_2023"]
[SourceDate "2023.11.15"]
[SourceVersion "1"]
[SourceVersionDate "2023.11.15"]
[SourceQuality "1"]

1. e4 d6 2. d4 Nf6 3. Nc3 e5 4. Nf3 Nbd7 5. Bc4 Be7 6. 0-0 0-0 7. Re1 c6 8. a4 h6 9. d5 cxd5 10. Nxd5 Nxd5 11. Bxd5 Nf6 12. Bc4 Qc7 13. b3 Be6 14. Bxe6 fxe6 15. c4 Qc6 16. Qe2 a6 17. Ba3 Qb6 18. Nxe5 dxe5 19. Bxe7 Rf7 20. c5 Qxb3 21. Bxf6 Rxf6 22. Rab1 Qxa4 23. Rxb7 Qc6 24. Qb2 Qxc5 25. Rc1 Qd4 26. Qxd4 exd4 27. Rcc7 Rg6 28. Rd7 e5 29. f4 exf4 30. Rxd4 Rc8 31. Rb2 Rgc6 32. e5 g5 33. Rd6 Rxd6 34. exd6 Kf7 35. d7 Rd8 36. Rb6 Rxd7 37. Rxh6 Rd1+ 38. Kf2 Ra1 39. h3 a5 40. Ra6 a4 41. h4 gxh4 42. Kf3 a3 43. Kxf4 Ke7 44. Kg4 a2 45. Ra7+ Kd6 46. Ra6+ Kc5 47. Ra8 Kb4 48. Rb8+ Kc3 49. Rc8+ Kd3 50. Rd8+ Ke3 51. Ra8 Kf2 52. Rb8 Rb1 0-1

[Event "Vecindario Montalvo Memorial 15th"]
[Site "Vecindario"]
[Date "2023.04.08"]
[Round "8"]
[White "Ramirez Maillo, Juan Adonay"]
[Black "Blanco Garcia Bajo, David"]
[Result "0-1"]
[WhiteElo "1879"]
[BlackElo "1686"]
[PlyCount "66"]
[EventDate "2023.04.02"]
[EventType "swiss"]
[EventRounds "9"]
[EventCountry "ESP"]
[SourceTitle "CBM 213 Extra"]
[Source "ChessBase"]
[SourceDate "2023.05.31"]
[SourceVersion "1"]
[SourceVersionDate "2023.05.31"]
[SourceQuality "1"]

1. e4 e6 2. d4 d5 3. Nc3 Nf6 4. e5 Nfd7 5. Nf3 c5 6. dxc5 Nc6 7. Bf4 a6 8. a3 Bxc5 9. Bd3 b5 10. b4 Ba7 11. h4 h6 12. h5 Qc7 13. Qd2 Ncxe5 14. Nxe5 Nxe5 15. Kf1 Nc4 16. Bxc7 Nxd2+ 17. Ke2 Nc4 18. a4 Bd4 19. Bxc4 Bxc3 20. Ra3 Bxb4 21. Rb3 dxc4 22. Rxb4 Bd7 23. Bd6 a5 24. Rbb1 b4 25. Rh4 Rc8 26. Rg4 Bxa4 27. Ra1 Bxc2 28. Rxa5 b3 29. Ra7 c3 30. Rxg7 Bd1+ 31. Kd3 Bxh5 32. Be5 b2 33. Kc2 Bd1+ 0-1

[Event "Vecindario Montalvo Memorial 15th"]
[Site "Vecindario"]
[Date "2023.04.07"]
[Round "7"]
[White "Perez Perez, Gabriel"]
[Black "Ramirez Maillo, Juan Adonay"]
[Result "1-0"]
[WhiteElo "2185"]
[BlackElo "1879"]
[PlyCount "69"]
[EventDate "2023.04.02"]
[EventType "swiss"]
[EventRounds "9"]
[EventCountry "ESP"]
[SourceTitle "CBM 213 Extra"]
[Source "ChessBase"]
[SourceDate "2023.05.31"]
[SourceVersion "1"]
[SourceVersionDate "2023.05.31"]
[SourceQuality "1"]

1. e4 c5 2. Nf3 g6 3. d4 cxd4 4. Nxd4 Nc6 5. c4 d6 6. Nc3 Nf6 7. Be2 Nxd4 8. Qxd4 Bg7 9. Bg5 0-0 10. Qd2 a5 11. 0-0 a4 12. Rad1 Be6 13. f3 Qa5 14. Nd5 Bxd5 15. Qxa5 Rxa5 16. cxd5 h6 17. Be3 Nd7 18. Rc1 Nc5 19. Rc2 f5 20. exf5 gxf5 21. Bd2 Raa8 22. Bb5 Kh8 23. Re1 Rf7 24. Kh1 f4 25. Re2 Be5 26. Rxe5 dxe5 27. Rxc5 e4 28. fxe4 f3 29. g3 Kg7 30. Kg1 Kf6 31. Kf2 Ke5 32. Bd3 Kd4 33. Rc3 b5 34. Be3+ Ke5 35. Rc7 1-0

[Event "Vecindario Montalvo Memorial 15th"]
[Site "Vecindario"]
[Date "2023.04.05"]
[Round "5"]
[White "Grube, Kurt Heinz"]
[Black "Ramirez Maillo, Juan Adonay"]
[Result "0-1"]
[WhiteElo "1624"]
[BlackElo "1879"]
[PlyCount "74"]
[EventDate "2023.04.02"]
[EventType "swiss"]
[EventRounds "9"]
[EventCountry "ESP"]
[SourceTitle "CBM 213 Extra"]
[Source "ChessBase"]
[SourceDate "2023.05.31"]
[SourceVersion "1"]
[SourceVersionDate "2023.05.31"]
[SourceQuality "1"]

1. Nf3 Nf6 2. c4 g6 3. Nc3 Bg7 4. d4 0-0 5. Bg5 d6 6. e3 Nbd7 7. Bd3 Re8 8. d5 h6 9. Bxf6 Nxf6 10. 0-0 c6 11. Rb1 a5 12. a4 e5 13. e4 c5 14. h3 Nh5 15. Ne2 Qf6 16. Kh2 Rf8 17. Neg1 Qe7 18. g3 Qe8 19. Nh4 f5 20. Be2 Nf6 21. exf5 gxf5 22. Ng2 Bd7 23. Nf3 Bxa4 24. b3 Bd7 25. Nfh4 Ne4 26. Rc1 f4 27. Bd3 Ng5 28. g4 e4 29. Bc2 f3 30. Ne3 Qe5+ 31. Kh1 Qe8 32. Qe1 Nxh3 33. Nef5 Bxf5 34. Nxf5 Rxf5 35. gxf5 Qh5 36. Qxe4 Nf4+ 37. Kg1 Qg4+ 0-1

[Event "Liga Insular Gran Canaria 1a Ascenso"]
[Site "Las Palmas"]
[Date "2019.06.08"]
[Round "3.2"]
[White "Ramirez Maillo, Juan Adonay"]
[Black "Lagarejos Gonzalez, Eduardo"]
[Result "1/2-1/2"]
[WhiteElo "1903"]
[BlackElo "1876"]
[PlyCount "60"]
[EventDate "2019.05.25"]
[EventType "team-tourn"]
[EventRounds "3"]
[EventCountry "ESP"]
[SourceTitle "EXT 2021"]
[Source "ChessBase"]
[SourceDate "2020.10.23"]
[SourceVersion "1"]
[SourceVersionDate "2020.10.23"]
[SourceQuality "1"]
[WhiteTeam "Telde Los Llanos"]
[BlackTeam "Fundacion La Caja de Canarias II"]
[WhiteTeamCountry "ESP"]
[BlackTeamCountry "ESP"]

1. e4 e6 2. Nf3 c5 3. c3 d5 4. exd5 Qxd5 5. d4 Nc6 6. Be3 cxd4 7. cxd4 Nf6 8. Nc3 Bb4 9. Bd3 Qa5 10. 0-0 0-0 11. Qc2 Be7 12. a3 Bd7 13. b4 Qh5 14. b5 Na5 15. Qa4 b6 16. Rfd1 Rac8 17. Rac1 Rfd8 18. Ne5 Ng4 19. Nxg4 Qxg4 20. Be2 Qf5 21. d5 Bf6 22. Ne4 Rxc1 23. Nxf6+ Qxf6 24. Bxc1 exd5 25. Rxd5 Be6 26. Rxd8+ Qxd8 27. Qd1 Qxd1+ 28. Bxd1 Bc4 29. a4 Bb3 30. Bxb3 Nxb3 1/2-1/2

[Event "Liga Insular Gran Canaria 1a"]
[Site "Las Palmas"]
[Date "2019.05.18"]
[Round "7.1"]
[White "Ramirez Maillo, Juan Adonay"]
[Black "Sanchez Montesdeoca, Isaac"]
[Result "1-0"]
[WhiteElo "1903"]
[BlackElo "1720"]
[PlyCount "97"]
[EventDate "2019.03.02"]
[EventType "team-tourn"]
[EventRounds "7"]
[EventCountry "ESP"]
[SourceTitle "EXT 2021"]
[Source "ChessBase"]
[SourceDate "2020.10.23"]
[SourceVersion "1"]
[SourceVersionDate "2020.10.23"]
[SourceQuality "1"]
[WhiteTeam "Telde Los Llanos"]
[BlackTeam "El Puertillo"]
[WhiteTeamCountry "ESP"]
[BlackTeamCountry "ESP"]

1. e4 c5 2. c3 e6 3. Nf3 d5 4. exd5 exd5 5. Bb5+ Bd7 6. Qe2+ Qe7 7. Qxe7+ Bxe7 8. Bxd7+ Nxd7 9. d4 Ngf6 10. 0-0 0-0 11. Na3 cxd4 12. Nxd4 Bxa3 13. bxa3 Ne5 14. Rb1 b6 15. Rd1 Rac8 16. Nb5 a6 17. Nd6 Rc6 18. Nf5 Re8 19. h3 Nc4 20. a4 Re4 21. Bg5 Re5 22. Bxf6 Rxf6 23. Rxd5 Rxd5 24. Ne7+ Kf8 25. Nxd5 Rd6 26. Nc7 Rd7 27. Nxa6 Ra7 28. Rb4 Rxa6 29. Rxc4 Ke7 30. Kf1 Kd6 31. Ke2 Kd5 32. Kd3 Ra7 33. Rb4 Kc5 34. Rf4 Rd7+ 35. Kc2 Ra7 36. Kb3 Re7 37. Rf5+ Kc6 38. a5 b5 39. a4 bxa4+ 40. Kxa4 f6 41. Kb4 Re4+ 42. c4 Re1 43. Rc5+ Kd6 44. Rb5 Kc6 45. a6 Ra1 46. Ra5 Rb1+ 47. Kc3 Rb8 48. a7 Ra8 49. Kb4 1-0

[Event "Liga Insular Gran Canaria 1a"]
[Site "Las Palmas"]
[Date "2019.03.02"]
[Round "1.2"]
[White "Ramirez Maillo, Juan Adonay"]
[Black "Costache, Bogdan Alexandru"]
[Result "1-0"]
[WhiteElo "1903"]
[BlackElo "1833"]
[PlyCount "53"]
[EventDate "2019.03.02"]
[EventType "team-tourn"]
[EventRounds "7"]
[EventCountry "ESP"]
[SourceTitle "EXT 2021"]
[Source "ChessBase"]
[SourceDate "2020.10.23"]
[SourceVersion "1"]
[SourceVersionDate "2020.10.23"]
[SourceQuality "1"]
[WhiteTeam "Telde Los Llanos"]
[BlackTeam "Villa de Teror II"]
[WhiteTeamCountry "ESP"]
[BlackTeamCountry "ESP"]

1. e4 d6 2. d4 Nf6 3. Nc3 c6 4. Nf3 Bg4 5. h3 Bh5 6. Bd3 Nbd7 7. g4 Bg6 8. e5 dxe5 9. dxe5 Nd5 10. Nxd5 cxd5 11. Bxg6 hxg6 12. Qxd5 Qb6 13. Be3 Qxb2 14. Rd1 Qb4+ 15. Kf1 Rd8 16. e6 fxe6 17. Qxe6 Nf6 18. Kg2 Rxd1 19. Rxd1 Qe4 20. Qc8+ Kf7 21. Rd4 Qc6 22. Qxc6 bxc6 23. Ne5+ Ke8 24. Nxc6 a6 25. Rd8+ Kf7 26. Ne5+ Ke6 27. Nxg6 1-0

[Event "Canarias-chT"]
[Site "Vecindario"]
[Date "2018.06.02"]
[Round "4.2"]
[White "Ramirez Maillo, Juan Adonay"]
[Black "Jablanovic, Sasa"]
[Result "1-0"]
[WhiteElo "1903"]
[BlackElo "1668"]
[PlyCount "53"]
[EventDate "2018.05.31"]
[EventType "team-swiss"]
[EventRounds "6"]
[EventCountry "ESP"]
[SourceTitle "EXT 2019"]
[Source "ChessBase"]
[SourceDate "2018.10.10"]
[SourceVersion "1"]
[SourceVersionDate "2018.10.10"]
[SourceQuality "1"]
[WhiteTeam "Telde Los Llanos"]
[BlackTeam "Mogan V"]
[WhiteTeamCountry "ESP"]
[BlackTeamCountry "ESP"]

1. e4 e5 2. Nc3 Bb4 3. Bc4 Ne7 4. f4 exf4 5. Nf3 0-0 6. 0-0 c6 7. d4 Bxc3 8. bxc3 d5 9. Bd3 dxe4 10. Bxe4 Nd5 11. c4 Ne3 12. Bxe3 fxe3 13. c3 Be6 14. d5 Bg4 15. Qd4 e2 16. Rf2 f5 17. Bd3 Nd7 18. Bxe2 c5 19. Qd2 Bxf3 20. Bxf3 b6 21. d6 Rc8 22. Bd5+ Kh8 23. Re1 g6 24. Re7 Re8 25. Rfe2 Rxe7 26. dxe7 Qe8 27. Be6 1-0

[Event "Gran Canaria Cabildo op"]
[Site "Gran Canaria"]
[Date "2018.04.03"]
[Round "5"]
[White "Ramirez Maillo, Juan Adonay"]
[Black "Perez Guerra, Raul"]
[Result "0-1"]
[WhiteElo "1931"]
[BlackElo "1829"]
[PlyCount "114"]
[EventDate "2018.03.06"]
[EventType "swiss"]
[EventRounds "7"]
[EventCountry "ESP"]
[SourceTitle "CBM 183 Extra"]
[Source "ChessBase"]
[SourceDate "2018.04.19"]
[SourceVersion "1"]
[SourceVersionDate "2018.04.19"]
[SourceQuality "1"]

1. e4 e6 2. d4 d5 3. Nd2 Nf6 4. e5 Nfd7 5. f4 c5 6. c3 Nc6 7. Ndf3 Qb6 8. a3 a5 9. b3 Be7 10. Ra2 Na7 11. Bd3 Qc6 12. Ne2 Nb6 13. 0-0 Bd7 14. Kh1 c4 15. bxc4 dxc4 16. Bb1 a4 17. Ng3 Nd5 18. Be4 Qb5 19. Rc2 g6 20. f5 gxf5 21. Bxd5 Qxd5 22. Ng5 h6 23. Qh5 0-0-0 24. Nh3 Rh7 25. Nf4 Qb5 26. Rd1 Qb3 27. Rb2 Qxc3 28. Nfe2 Qa5 29. d5 Bc5 30. Bd2 Qc7 31. d6 Qc6 32. Bb4 b5 33. Nd4 Qb6 34. Qf3 Kb8 35. Nge2 Rc8 36. Qc3 Rg7 37. Bxc5 Rxc5 38. Nxf5 Rg5 39. Nxh6 Qb7 40. Ng3 Rd5 41. Re1 Be8 42. Rbe2 Qb6 43. Rd2 Qc6 44. Rxd5 Qxd5 45. Qe3 Rg6 46. Qb6+ Qb7 47. Qd8+ Qc8 48. Qb6+ Ka8 49. Qe3 Qb7 50. Ne4 Bc6 51. Qf4 Bxe4 52. Qxe4 Qxe4 53. Rxe4 Rxh6 54. Rf4 Rh7 55. Rg4 Nc6 56. d7 Kb7 57. Rg8 Kc7 0-1

[Event "Gran Canaria Cabildo op"]
[Site "Gran Canaria"]
[Date "2018.03.13"]
[Round "3"]
[White "Ramirez Maillo, Juan Adonay"]
[Black "Rodriguez Melian, Jose Luis"]
[Result "0-1"]
[WhiteElo "1931"]
[BlackElo "2079"]
[PlyCount "38"]
[EventDate "2018.03.06"]
[EventType "swiss"]
[EventRounds "7"]
[EventCountry "ESP"]
[SourceTitle "CBM 183 Extra"]
[Source "ChessBase"]
[SourceDate "2018.04.19"]
[SourceVersion "1"]
[SourceVersionDate "2018.04.19"]
[SourceQuality "1"]

1. e4 e5 2. Nc3 Nf6 3. f4 d5 4. fxe5 Nxe4 5. Qe2 Nxc3 6. dxc3 Be7 7. Nf3 0-0 8. Bf4 c5 9. 0-0-0 Nc6 10. h4 Qa5 11. Kb1 Bf5 12. Qf2 Qa4 13. Bg5 f6 14. exf6 Bxf6 15. b3 Qa3 16. Bxf6 Rxf6 17. Rxd5 Na5 18. Bd3 Bxd3 19. Rxd3 Nc4 0-1

[Event "Las Palmas Insular-chT Honor 1718"]
[Site "Las Palmas"]
[Date "2017.11.11"]
[Round "2.1"]
[White "Brito Garcia, Alfredo"]
[Black "Ramirez Maillo, Juan Adonay"]
[Result "1-0"]
[WhiteElo "2334"]
[BlackElo "1954"]
[PlyCount "95"]
[EventDate "2017.10.28"]
[EventType "team-tourn"]
[EventRounds "9"]
[EventCountry "ESP"]
[SourceTitle "EXT 2019"]
[Source "ChessBase"]
[SourceDate "2018.10.10"]
[SourceVersion "1"]
[SourceVersionDate "2018.10.10"]
[SourceQuality "1"]
[WhiteTeam "Guia Univac"]
[BlackTeam "Telde Los Llanos"]
[WhiteTeamCountry "ESP"]
[BlackTeamCountry "ESP"]

1. d4 Nf6 2. Nf3 g6 3. g3 Bg7 4. Bg2 0-0 5. 0-0 d6 6. Re1 Nbd7 7. e4 e5 8. c3 Re8 9. Nbd2 a6 10. a4 Rb8 11. d5 c5 12. Nc4 Qc7 13. a5 b5 14. axb6 Nxb6 15. Nxb6 Qxb6 16. Nd2 Qb5 17. Bf1 Qd7 18. Nc4 Rf8 19. Qa4 Qg4 20. Nxd6 Bd7 21. Qd1 Qxd1 22. Rxd1 Rfd8 23. Re1 Bb5 24. Nxb5 axb5 25. b3 Ne8 26. Be3 Bf8 27. Ra6 f5 28. f3 Rbc8 29. Bxb5 Nd6 30. Bc6 fxe4 31. Bg5 exf3 32. Bxd8 Rxd8 33. Rxe5 Bg7 34. Re3 f2+ 35. Kxf2 Bxc3 36. Kg2 Bd4 37. Re2 Kf7 38. Ra7+ Kg8 39. Ra8 Rxa8 40. Bxa8 Kf7 41. Bc6 h5 42. Bd7 Bf6 43. Be6+ Kg7 44. g4 h4 45. Kf3 Nb5 46. Ra2 Be5 47. g5 Bxh2 48. Rxh2 1-0

[Event "Las Palmas Insular-chT Primera-B 1617"]
[Site "Las Palmas"]
[Date "2017.02.18"]
[Round "11.2"]
[White "Alonso Valiente, Alexis"]
[Black "Ramirez Maillo, Juan Adonay"]
[Result "0-1"]
[WhiteElo "1952"]
[BlackElo "1916"]
[PlyCount "88"]
[EventDate "2016.10.22"]
[EventType "team-tourn"]
[EventRounds "14"]
[EventCountry "ESP"]
[SourceTitle "EXT 2018"]
[Source "ChessBase"]
[SourceDate "2017.10.13"]
[SourceVersion "1"]
[SourceVersionDate "2017.10.13"]
[SourceQuality "1"]
[WhiteTeam "Sociedad La Montana"]
[BlackTeam "Telde Los Llanos"]
[WhiteTeamCountry "ESP"]
[BlackTeamCountry "ESP"]

1. d4 Nf6 2. Nf3 c5 3. c3 e6 4. Bf4 b6 5. e3 Bb7 6. Nbd2 d5 7. Bd3 Nc6 8. Ne5 Bd6 9. 0-0 0-0 10. Qf3 Qc7 11. Qh3 Nxe5 12. dxe5 Bxe5 13. Bg5 h6 14. f4 Ne4 15. Bxh6 gxh6 16. Bxe4 dxe4 17. fxe5 Qxe5 18. Qxh6 f5 19. Qg6+ Kh8 20. Rf4 Qf6 21. Qg3 Rf7 22. Rd1 Rg7 23. Qh4+ Qxh4 24. Rxh4+ Kg8 25. Rh6 Rd8 26. Kf2 e5 27. c4 f4 28. Rh3 Bc8 29. Rh4 Bg4 30. Rxg4 Rxg4 31. g3 fxg3+ 32. hxg3 Rg6 33. b3 Rgd6 34. Ke2 Kg7 35. a3 Rh8 36. Nf1 Rxd1 37. Kxd1 Rd8+ 38. Ke2 Rd3 39. Nd2 Kg6 40. g4 Rxd2+ 41. Kxd2 Kg5 42. Ke2 Kxg4 43. Kf2 Kh3 44. b4 a5 0-1

[Event "Las Palmas Insular-chT Primera-B 1617"]
[Site "Las Palmas"]
[Date "2017.02.04"]
[Round "10.2"]
[White "Ramirez Maillo, Juan Adonay"]
[Black "Haenen, Tom"]
[Result "1-0"]
[WhiteElo "1916"]
[BlackElo "1661"]
[PlyCount "75"]
[EventDate "2016.10.22"]
[EventType "team-tourn"]
[EventRounds "14"]
[EventCountry "ESP"]
[SourceTitle "EXT 2018"]
[Source "ChessBase"]
[SourceDate "2017.10.13"]
[SourceVersion "1"]
[SourceVersionDate "2017.10.13"]
[SourceQuality "1"]
[WhiteTeam "Telde Los Llanos"]
[BlackTeam "Anand III"]
[WhiteTeamCountry "ESP"]
[BlackTeamCountry "ESP"]

1. e4 g6 2. Nc3 Bg7 3. d4 d6 4. Be3 a6 5. a4 Nf6 6. f3 Nc6 7. Qd2 0-0 8. Rd1 e5 9. d5 Ne7 10. Bh6 Bxh6 11. Qxh6 Kh8 12. h4 Neg8 13. Qe3 h6 14. g4 Nh7 15. g5 h5 16. Bh3 f5 17. f4 Qe7 18. Nge2 fxe4 19. Bxc8 Raxc8 20. Qxe4 Rf5 21. Ng3 Rxf4 22. Qxg6 Qe8 23. Qxh5 Qxh5 24. Nxh5 Rg4 25. Ke2 Rg2+ 26. Kd3 Rf8 27. Rdf1 Ne7 28. Ne4 Nxd5 29. c3 Nf4+ 30. Nxf4 exf4 31. Rfg1 Rxg1 32. Rxg1 Kg7 33. Ke2 Kg6 34. h5+ Kf5 35. g6 Nf6 36. Nxf6 Kxf6 37. g7 Rg8 38. h6 1-0

[Event "Fuerteventura op 1st"]
[Site "Fuerteventura"]
[Date "2015.10.02"]
[Round "3"]
[White "Ramirez Maillo, Juan Adonay"]
[Black "Ramos Aguilar, Jose Manuel"]
[Result "1-0"]
[WhiteElo "1833"]
[BlackElo "2043"]
[PlyCount "127"]
[EventDate "2015.10.01"]
[EventType "swiss"]
[EventRounds "7"]
[EventCountry "ESP"]
[SourceTitle "CBM 169 Extra"]
[Source "ChessBase"]
[SourceDate "2015.12.18"]
[SourceVersion "1"]
[SourceVersionDate "2015.12.18"]
[SourceQuality "1"]

1. e4 c5 2. c3 d5 3. exd5 Qxd5 4. Nf3 Nf6 5. Na3 e6 6. Bc4 Qd8 7. 0-0 Be7 8. Nc2 0-0 9. Qe2 Nc6 10. d4 a6 11. a4 Bd7 12. Rd1 cxd4 13. Ncxd4 Qc7 14. Nxc6 Bxc6 15. Ne5 Bd5 16. Bd3 Rad8 17. Bf4 Qc8 18. c4 Bc6 19. Nxc6 Qxc6 20. Be5 Rd7 21. b3 Rfd8 22. Bc2 a5 23. Rxd7 Rxd7 24. Rd1 Rxd1+ 25. Qxd1 Nd7 26. Bc3 b6 27. Qd3 g6 28. Qe4 Qxe4 29. Bxe4 Nc5 30. Bc2 Kf8 31. Kf1 Ke8 32. Ke2 Kd7 33. b4 axb4 34. Bxb4 Na6 35. Bc3 Bb4 36. Bb2 Kd6 37. h4 Nc5 38. h5 gxh5 39. Kf3 e5 40. Bc1 Ke6 41. Kg3 f5 42. Kh4 f4 43. Kxh5 Be1 44. f3 Bc3 45. Ba3 Na6 46. Bxh7 Bb4 47. Bb2 Nc5 48. Bc2 Nb7 49. Kg5 Be7+ 50. Kg6 Na5 51. Bf5+ Kd6 52. Ba3+ Kc7 53. Bxe7 Nxc4 54. Bb4 Ne3 55. Bh3 Kc6 56. a5 bxa5 57. Bxa5 Kd5 58. Kf6 Kd4 59. Bb6+ Kd3 60. Ba7 e4 61. Bf5 Nxg2 62. fxe4 Ne3 63. e5+ Kd2 64. Bxe3+ 1-0

[Event "Gran Canaria Dominguez Memorial 2nd"]
[Site "Gran Canaria"]
[Date "2015.04.23"]
[Round "5"]
[White "Ramirez Maillo, Juan Adonay"]
[Black "Gonzalez Intelangelo, Gerardo"]
[Result "1/2-1/2"]
[WhiteElo "1817"]
[BlackElo "1987"]
[PlyCount "62"]
[EventDate "2015.04.09"]
[EventType "swiss"]
[EventRounds "7"]
[EventCountry "ESP"]
[SourceTitle "CBM 166 Extra"]
[Source "ChessBase"]
[SourceDate "2015.06.18"]
[SourceVersion "1"]
[SourceVersionDate "2015.06.18"]
[SourceQuality "1"]

1. e4 d5 2. exd5 Qxd5 3. Nc3 Qd6 4. d4 Nf6 5. Bc4 g6 6. Nf3 Bg7 7. 0-0 c6 8. Qe2 0-0 9. h3 Nbd7 10. Re1 Nb6 11. Bb3 e6 12. Bg5 Nbd5 13. Ne4 Nxe4 14. Qxe4 b5 15. c3 Bb7 16. Qh4 Rfe8 17. Nd2 f5 18. Nf3 c5 19. dxc5 Qxc5 20. Rad1 Rac8 21. Ne5 Rc7 22. Re2 Qf8 23. Bc1 Bf6 24. Qg3 Qg7 25. Nxg6 Qxg6 26. Qxg6+ hxg6 27. Bxd5 Bxd5 28. Rxd5 exd5 29. Rxe8+ Kf7 30. Re1 d4 31. cxd4 Bxd4 1/2-1/2

[Event "Las Palmas Insular-chT Pref-B"]
[Site "Las Palmas"]
[Date "2015.04.11"]
[Round "13.2"]
[White "Yingrui, Lin"]
[Black "Ramirez Maillo, Juan Adonay"]
[Result "1/2-1/2"]
[WhiteElo "1665"]
[BlackElo "1865"]
[PlyCount "83"]
[EventDate "2014.11.22"]
[EventType "team-tourn"]
[EventRounds "14"]
[EventCountry "ESP"]
[SourceTitle "EXT 2018"]
[Source "ChessBase"]
[SourceDate "2017.10.13"]
[SourceVersion "1"]
[SourceVersionDate "2017.10.13"]
[SourceQuality "1"]
[WhiteTeam "La Caja de Vecindario II"]
[BlackTeam "Real Club Victoria"]
[WhiteTeamCountry "ESP"]
[BlackTeamCountry "ESP"]

1. e4 c5 2. Nf3 d6 3. Bb5+ Bd7 4. Bxd7+ Qxd7 5. 0-0 Nc6 6. c3 Nf6 7. Re1 g6 8. d4 cxd4 9. cxd4 d5 10. e5 Ne4 11. Nc3 Nxc3 12. bxc3 Bg7 13. e6 fxe6 14. Ng5 e5 15. dxe5 Nxe5 16. Bf4 Qf5 17. Qa4+ Kf8 18. Bxe5 Bxe5 19. f4 Bxc3 20. Qa3 Bxe1 21. Rxe1 Re8 22. Qb2 Qf6 23. Ne6+ Kf7 24. Qxb7 d4 25. Qd5 h6 26. f5 g5 27. Nxg5+ Kg7 28. Re6 Qxg5 29. Rg6+ Qxg6 30. fxg6 Kxg6 31. Qe4+ Kf6 32. Qxd4+ e5 33. Qf2+ Kg6 34. h4 Rhf8 35. Qxa7 e4 36. Qa6+ Rf6 37. h5+ Kf7 38. Qc4+ Ree6 39. Qc7+ Re7 40. Qc4+ Ree6 41. Qc7+ Re7 42. Qc4+ 1/2-1/2